01008 a2200193 4500001000700000020001800007040003200025100002000057245003500077260000800112300004700120362000900167490002000176520052800196650002600724650001600750650002700766650002100793120306 a9780140563665 cEscola Canadense de Niteroi aMarshall, James10aGoldilocks and the three bears aUSA a32 p.c7 x 20.12 x 0.25 inches (paperback)0 a19980 aPicture puffins a"What a sweet child", says a newcomer in town about Goldilocks. "That's what you think?" a neighbor replies. For Goldilocks is one of those naughty little girls who does exactly as she pleases, even if that means sampling the three bears porridge, breaking Baby Bear's chair, and sleeping in his bed. James Marshall's offbeat and inventive telling of this familiar tale will enchant readers, young and old.?A delightfully irreverent retelling of an old favorite is illustrated with delicious humor and contemporary touches. 4aChildren's Literature 4aFairy Tales 4aMyths, Fables or Tales 4aHumorous stories